[Event "Arco op 34th"]
[Site "Arco"]
[Date "2012.10.21"]
[Round "9"]
[White "Beltrami, Nerio"]
[Black "Bisignano, Giuseppe"]
[Result "0-1"]
[WhiteElo "1926"]
[BlackElo "1891"]
[PlyCount "114"]
[EventDate "2012.10.13"]
[EventType "swiss"]
[EventRounds "9"]
[EventCountry "ITA"]
[SourceTitle "EXT 2013"]
[Source "ChessBase"]
[SourceDate "2012.11.22"]
[SourceVersion "1"]
[SourceVersionDate "2012.11.22"]
[SourceQuality "1"]

1. e4 e5 2. Nf3 Nc6 3. Bb5 a6 4. Bxc6 dxc6 5. 0-0 f6 6. d4 Bg4 7. dxe5 Qxd1 8. Rxd1 fxe5 9. h3 Bxf3 10. gxf3 Nf6 11. Be3 Bd6 12. Nd2 0-0 13. Nc4 Nh5 14. Nxd6 cxd6 15. Rxd6 Rxf3 16. Kg2 Rf7 17. Rad1 Nf6 18. f3 h6 19. Re6 Re8 20. Rxe8+ Nxe8 21. Rd8 Re7 22. Bc5 Re6 23. a4 Kh7 24. Rd7 b6 25. Bxb6 Rd6 26. Rxd6 Nxd6 27. b3 Kg6 28. Bc7 Nf7 29. h4 Kf6 30. Kg3 h5 31. f4 exf4+ 32. Kxf4 Ke6 33. b4 g6 34. c4 Kd7 35. Bb8 Kc8 36. Be5 Kd7 37. b5 cxb5 38. cxb5 axb5 39. axb5 g5+ 40. hxg5 h4 41. Kf5 Nxe5 42. Kxe5 h3 43. b6 h2 44. b7 h1Q 45. b8N+ Ke7 46. Nc6+ Kf8 47. Nd4 Qh2+ 48. Kf5 Qf2+ 49. Ke5 Kf7 50. Nf5 Qc5+ 51. Kf4 Kg6 52. Nh4+ Kh5 53. Nf3 Qf8+ 54. Kg3 Qa3 55. Kf4 Qc1+ 56. Kg3 Qe3 57. e5 Qe4 0-1

[Event "ITA-ch Seniors 34th"]
[Site "Arvier"]
[Date "2012.04.21"]
[Round "8"]
[White "Palermiti, Francesco"]
[Black "Beltrami, Nerio"]
[Result "0-1"]
[WhiteElo "1545"]
[BlackElo "1934"]
[PlyCount "128"]
[EventDate "2012.04.14"]
[EventType "swiss"]
[EventRounds "9"]
[EventCountry "ITA"]
[SourceTitle "CBM 148 Extra"]
[Source "ChessBase"]
[SourceDate "2012.06.22"]
[SourceVersion "1"]
[SourceVersionDate "2012.06.22"]
[SourceQuality "1"]

1. d4 Nf6 2. Nf3 g6 3. e3 d6 4. b3 Bg7 5. Bb2 0-0 6. Nbd2 c5 7. h3 Nc6 8. a3 Bf5 9. c4 Ne4 10. Be2 Nxd2 11. Qxd2 Qb6 12. Bd1 Na5 13. Qc3 Rac8 14. 0-0 cxd4 15. exd4 Qd8 16. Bc2 Bxc2 17. Qxc2 b5 18. Qd3 bxc4 19. bxc4 Nxc4 20. Bc1 d5 21. Rb1 Qd7 22. Re1 Rb8 23. Rxb8 Rxb8 24. Ne5 Nxe5 25. dxe5 e6 26. Bg5 Qb5 27. Qe3 Qb6 28. Bf6 Bf8 29. Qc3 Bc5 30. Qg3 Qb3 31. Qh4 Bf8 32. Re3 Qd1+ 33. Kh2 Qd2 34. Qg3 Qa5 35. h4 h5 36. Qg5 Qa4 37. Rg3 Kh7 38. Be7 Bh6 39. Qf6 Qf4 40. Bd6 Qxf6 41. exf6 Rb6 42. Be5 Rb7 43. Rc3 Bd2 44. Rc8 g5 45. hxg5 Bxg5 46. f4 Bh6 47. Re8 Kg6 48. Re7 Rb3 49. Rxa7 Bf8 50. a4 Bc5 51. Ra8 d4 52. Rg8+ Kf5 53. Rg5+ Ke4 54. Bxd4 Bxd4 55. Rxh5 Ra3 56. a5 Bxf6 57. g3 Bc3 58. Rh7 f6 59. Re7 Kf5 60. g4+ Kxg4 61. Rxe6 Kxf4 62. Ra6 f5 63. Rc6 Bxa5 64. Rc4+ Kf3 0-1

[Event "ITA-ch Seniors 34th"]
[Site "Arvier"]
[Date "2012.04.15"]
[Round "2"]
[White "Beltrami, Nerio"]
[Black "Laco, Giuseppe"]
[Result "1-0"]
[WhiteElo "1934"]
[BlackElo "2098"]
[PlyCount "75"]
[EventDate "2012.04.14"]
[EventType "swiss"]
[EventRounds "9"]
[EventCountry "ITA"]
[SourceTitle "CBM 148 Extra"]
[Source "ChessBase"]
[SourceDate "2012.06.22"]
[SourceVersion "1"]
[SourceVersionDate "2012.06.22"]
[SourceQuality "1"]

1. e4 c5 2. Nf3 a6 3. d4 cxd4 4. Nxd4 Nf6 5. Bd3 Nc6 6. Nxc6 dxc6 7. 0-0 e5 8. Nd2 Bc5 9. h3 Qe7 10. Nf3 h6 11. Qe1 g5 12. Be3 Bxe3 13. fxe3 g4 14. hxg4 Nxg4 15. Bc4 Be6 16. Bxe6 Qxe6 17. Rd1 0-0 18. Nh4 Rad8 19. Qg3 Kh7 20. Nf5 Rxd1 21. Rxd1 Rg8 22. b3 Nf6 23. Qh4 Ne8 24. g3 Rg6 25. Rd8 Ng7 26. Qh3 Qf6 27. Rd7 b5 28. Kg2 Ne8 29. Kf2 Rg5 30. Rxf7+ Qxf7 31. Qxh6+ Kg8 32. Qxg5+ Kh7 33. Qe7 Kg6 34. Qxe5 Nf6 35. Kg2 Qd7 36. Nd4 Qb7 37. Qf5+ Kg7 38. Ne6+ 1-0

[Event "Arco op 33rd"]
[Site "Arco"]
[Date "2011.10.28"]
[Round "7"]
[White "Salati, Paolo"]
[Black "Beltrami, Nerio"]
[Result "1/2-1/2"]
[WhiteElo "1865"]
[BlackElo "1961"]
[PlyCount "38"]
[EventDate "2011.10.22"]
[EventType "swiss"]
[EventRounds "9"]
[EventCountry "ITA"]
[SourceTitle "EXT 2012"]
[Source "ChessBase"]
[SourceDate "2011.11.24"]
[SourceVersion "1"]
[SourceVersionDate "2011.11.24"]
[SourceQuality "1"]

1. e4 d6 2. d4 Nf6 3. Nc3 g6 4. Nf3 Bg7 5. Be2 0-0 6. 0-0 c6 7. Re1 Nbd7 8. Bg5 h6 9. Bh4 e5 10. dxe5 dxe5 11. Qd2 Qc7 12. Rad1 g5 13. Bg3 Nh5 14. Nxe5 Nxg3 15. Nxd7 Nxe2+ 16. Rxe2 Bxd7 17. Qxd7 Qxd7 18. Rxd7 Bxc3 19. bxc3 b6 1/2-1/2

[Event "Arco op 33rd"]
[Site "Arco"]
[Date "2011.10.25"]
[Round "4"]
[White "Beltrami, Nerio"]
[Black "De Eccher, Stefano"]
[Result "0-1"]
[WhiteElo "1961"]
[BlackElo "2259"]
[PlyCount "78"]
[EventDate "2011.10.22"]
[EventType "swiss"]
[EventRounds "9"]
[EventCountry "ITA"]
[SourceTitle "EXT 2012"]
[Source "ChessBase"]
[SourceDate "2011.11.24"]
[SourceVersion "1"]
[SourceVersionDate "2011.11.24"]
[SourceQuality "1"]

1. e4 e5 2. Nf3 Nc6 3. Bb5 a6 4. Ba4 d6 5. d4 b5 6. Bb3 Nxd4 7. Nxd4 exd4 8. c3 d3 9. Qxd3 Bb7 10. Be3 Nf6 11. Nd2 Be7 12. f3 d5 13. e5 Nd7 14. f4 Bh4+ 15. Bf2 Bxf2+ 16. Kxf2 Nc5 17. Qg3 Qe7 18. Bc2 0-0 19. Rhe1 Rad8 20. Qe3 Qh4+ 21. Kg1 d4 22. cxd4 Ne6 23. Nb3 Qxf4 24. Qxf4 Nxf4 25. Be4 Bd5 26. Bxd5 Rxd5 27. Rad1 Rfd8 28. Re4 Ne6 29. Kf2 c5 30. Ke3 cxd4+ 31. Kd3 a5 32. Rc1 a4 33. Nd2 Nc5+ 34. Rxc5 Rxc5 35. Nf3 a3 36. b3 Rc1 37. Rxd4 Rxd4+ 38. Nxd4 Rd1+ 39. Ke3 Ra1 0-1

[Event "EU-ch Seniors 11th"]
[Site "Courmayeur"]
[Date "2011.04.12"]
[Round "7"]
[White "Laco, Giuseppe"]
[Black "Beltrami, Nerio"]
[Result "1-0"]
[WhiteElo "2128"]
[BlackElo "1956"]
[PlyCount "119"]
[EventDate "2011.04.06"]
[EventType "swiss"]
[EventRounds "9"]
[EventCountry "ITA"]
[SourceTitle "CBM 141 Extra"]
[Source "ChessBase"]
[SourceDate "2011.05.03"]
[SourceVersion "1"]
[SourceVersionDate "2011.05.03"]
[SourceQuality "1"]

1. c4 Nf6 2. Nc3 g6 3. e4 d6 4. d4 Bg7 5. Be2 a6 6. Be3 b6 7. Bf3 e5 8. d5 Nbd7 9. g4 Nc5 10. b4 Nb7 11. h3 h6 12. Nge2 h5 13. Rg1 hxg4 14. hxg4 Bd7 15. g5 Nh5 16. Qd2 Qe7 17. 0-0-0 0-0-0 18. Qd3 Kb8 19. Kb2 Be8 20. Bxh5 Rxh5 21. Ng3 Rh8 22. Kb3 Ka7 23. Ra1 Ra8 24. a3 Bd7 25. Nf1 f5 26. gxf6 Qxf6 27. Qd2 Raf8 28. a4 a5 29. Nb5+ Kb8 30. Qd3 Rh3 31. Rg3 Rfh8 32. Ra2 Rxg3 33. Nxg3 Qf3 34. Nxc7 axb4 35. Na6+ Kc8 36. Kxb4 Nc5 37. Nxc5 bxc5+ 38. Kc3 Kc7 39. a5 Bh6 40. Bxh6 Qxd3+ 41. Kxd3 Rxh6 42. a6 Rh8 43. Ke3 Ra8 44. f4 exf4+ 45. Kxf4 Bc8 46. a7 Kb6 47. e5 dxe5+ 48. Kxe5 Ba6 49. Rc2 Kxa7 50. Kd6 Rf8 51. Rc3 Rf4 52. Kxc5 Rg4 53. Ne2 Kb7 54. Nd4 Kc7 55. Rh3 Bc8 56. Rh7+ Bd7 57. Nc6 Rg5 58. Rg7 Kc8 59. Kb6 Be8 60. Rc7# 1-0

[Event "Wch Seniors 20th"]
[Site "Arco"]
[Date "2010.11.01"]
[Round "6"]
[White "Beltrami, Nerio"]
[Black "Mentink, Toon"]
[Result "1/2-1/2"]
[WhiteElo "1991"]
[BlackElo "1842"]
[PlyCount "118"]
[EventDate "2010.10.26"]
[EventType "swiss"]
[EventRounds "11"]
[EventCountry "ITA"]
[SourceTitle "EXT 2011"]
[Source "ChessBase"]
[SourceDate "2010.11.26"]
[SourceVersion "1"]
[SourceVersionDate "2010.11.26"]
[SourceQuality "1"]

1. e4 d5 2. exd5 Nf6 3. d4 Nxd5 4. c4 Nb4 5. Be3 e5 6. dxe5 Qxd1+ 7. Kxd1 Bf5 8. Na3 N8c6 9. Nf3 0-0-0+ 10. Kc1 Be7 11. Be2 h6 12. h3 Rhe8 13. Rd1 Bd3 14. Rd2 Bxe2 15. Rxe2 Nd3+ 16. Kc2 Ncb4+ 17. Kb3 a5 18. Nb5 Bc5 19. a3 Bxe3 20. axb4 Nc1+ 21. Rxc1 Bxc1 22. bxa5 Bg5 23. Kc3 c6 24. Nbd4 Be7 25. b4 c5 26. Nc2 cxb4+ 27. Nxb4 Bxb4+ 28. Kxb4 f6 29. Re3 fxe5 30. Nxe5 g5 31. Kc3 Re6 32. Ng4 Ra6 33. Kb4 Rf8 34. f3 h5 35. Nf2 Rf5 36. Ra3 b6 37. axb6 Rxa3 38. Kxa3 Kb7 39. Kb3 Kxb6 40. Kb4 Re5 41. Ne4 g4 42. hxg4 hxg4 43. Kc3 gxf3 44. gxf3 Rf5 45. Nd2 Rf4 46. Kd3 Kc5 47. Nb3+ Kd6 48. Nd2 Ke5 49. Ke3 Rh4 50. Ne4 Rh3 51. Nf2 Rg3 52. Nd3+ Kf5 53. c5 Rg8 54. Kd4 Rd8+ 55. Kc4 Ke6 56. Nb4 Rc8 57. f4 Kf5 58. Nd5 Ke4 59. f5 Rxc5+ 1/2-1/2

[Event "Wch Seniors 15th"]
[Site "Lignano Sabbiadoro"]
[Date "2005.10.06"]
[Round "8"]
[White "Haug, Sverre"]
[Black "Beltrami, Nerio"]
[Result "1-0"]
[WhiteElo "1924"]
[BlackElo "2045"]
[PlyCount "141"]
[EventDate "2005.09.28"]
[EventType "swiss"]
[EventRounds "11"]
[EventCountry "ITA"]
[SourceTitle "CBM 108 Extra"]
[Source "ChessBase"]
[SourceDate "2005.11.04"]
[SourceVersion "1"]
[SourceVersionDate "2005.11.04"]
[SourceQuality "1"]

1. Nf3 Nf6 2. d4 g6 3. c4 Bg7 4. e3 d6 5. Nc3 0-0 6. Qc2 c5 7. Be2 cxd4 8. Nxd4 Nc6 9. Bf3 Nb4 10. Qe2 Na6 11. Bd2 Nc5 12. Nc2 Rb8 13. 0-0 a6 14. Rad1 e6 15. b4 Ncd7 16. Bc1 Ne5 17. Be4 Qc7 18. Bd3 b6 19. f4 Nxd3 20. Qxd3 Bb7 21. e4 Qc6 22. Nd4 Qc7 23. Nc2 Rbc8 24. Bb2 Rfd8 25. Ne3 Nxe4 26. Na4 Bxb2 27. Nxb2 Qc6 28. Rf3 b5 29. Qd4 bxc4 30. Nbxc4 Qb5 31. a3 Rc7 32. Rff1 f6 33. Nd2 e5 34. fxe5 fxe5 35. Qb2 Qb6 36. Rde1 Rc3 37. Nxe4 Rxe3 38. Qf2 Bxe4 39. Rxe3 Bf5 40. Rc3 Qxf2+ 41. Kxf2 Rd7 42. Rfc1 Kf7 43. Rc7 Ke7 44. R7c6 Bd3 45. Ke3 e4 46. Kd4 Ke6 47. Rc7 h6 48. Rxd7 Kxd7 49. Kd5 g5 50. Rc6 Ke7 51. Rc7+ Kf6 52. Kxd6 e3 53. Re7 e2 54. Re3 Kf5 55. Kd5 Kf4 56. Kd4 Bb5 57. Re7 Kf5 58. Kc3 Kf6 59. Re3 Kf5 60. Kd2 Kf4 61. Rxe2 Bxe2 62. Kxe2 Ke4 63. a4 Kd4 64. b5 axb5 65. axb5 Kc5 66. Kf3 Kxb5 67. Ke4 Kc6 68. Kf5 Kd7 69. Kg6 Ke6 70. g4 h5 71. Kxh5 1-0

[Event "Wch Seniors 15th"]
[Site "Lignano Sabbiadoro"]
[Date "2005.10.02"]
[Round "5"]
[White "Beltrami, Nerio"]
[Black "Wagman, Stuart"]
[Result "0-1"]
[WhiteElo "2045"]
[BlackElo "2142"]
[PlyCount "48"]
[EventDate "2005.09.28"]
[EventType "swiss"]
[EventRounds "11"]
[EventCountry "ITA"]
[SourceTitle "CBM 108 Extra"]
[Source "ChessBase"]
[SourceDate "2005.11.04"]
[SourceVersion "1"]
[SourceVersionDate "2005.11.04"]
[SourceQuality "1"]

1. e4 e5 2. Nf3 Nc6 3. Bb5 a6 4. Ba4 Nf6 5. 0-0 Nxe4 6. d4 b5 7. Bb3 d5 8. dxe5 Be6 9. c3 Bc5 10. Nbd2 0-0 11. Bc2 Nxf2 12. Rxf2 f6 13. Nb3 Bxf2+ 14. Kxf2 fxe5 15. Kg1 Bg4 16. h3 Bxf3 17. gxf3 Qh4 18. Qxd5+ Kh8 19. Kg2 Rf6 20. Qe4 Rg6+ 21. Qxg6 hxg6 22. Bxg6 Rd8 23. Be3 Ne7 24. Be4 Nd5 0-1